ՀՀ Գիտությունների ազգային ակադեմիայի հիմնարար գիտական գրադարան  =   Fundamental Scientific Library of NAS RA

Термодинамика реакций газификации и синтеза из газов / (Record no. 504736)

MARC details
000 -LEADER
fixed length control field 01088nam a2200241 a 4500
001 - CONTROL NUMBER
control field 000563824
003 - CONTROL NUMBER IDENTIFIER
control field AM-YeHGA
005 - DATE AND TIME OF LATEST TRANSACTION
control field 20250617163323.0
008 - FIXED-LENGTH DATA ELEMENTS--GENERAL INFORMATION
fixed length control field 080116s1960 ru |||||r|||||000|0|rus d
040 ## - CATALOGING SOURCE
Original cataloging agency AM-YeHGA
041 0# - LANGUAGE CODE
Language code of text/sound track or separate title rus
090 ## - LOCALLY ASSIGNED LC-TYPE CALL NUMBER (OCLC); LOCAL CALL NUMBER (RLIN)
-- 508155
100 1# - MAIN ENTRY--PERSONAL NAME
Personal name Лавров, Николай Владимирович
245 10 - TITLE STATEMENT
Title Термодинамика реакций газификации и синтеза из газов /
Statement of responsibility, etc. Н.В. Лавров, В.В. Коробов, В.И. Филлипова ; Отв. ред. В.В. Лебедев ; ИГИ АН СССР.
260 ## - PUBLICATION, DISTRIBUTION, ETC.
Place of publication, distribution, etc. Москва :
Name of publisher, distributor, etc. Изд-во АН СССР,
Date of publication, distribution, etc. 1960.
300 ## - PHYSICAL DESCRIPTION
Extent 101 с.
504 ## - BIBLIOGRAPHY, ETC. NOTE
Bibliography, etc. note Библиогр. в конце глав
650 14 - SUBJECT ADDED ENTRY--TOPICAL TERM
Topical term or geographic name entry element Термодинамика. Энергетика
653 1# - INDEX TERM--UNCONTROLLED
Uncontrolled term термодинамические величины
700 1# - ADDED ENTRY--PERSONAL NAME
Personal name Коробов Валерий Владимирович
700 1# - ADDED ENTRY--PERSONAL NAME
Personal name Филиппова Вера Ивановна
710 2# - ADDED ENTRY--CORPORATE NAME
Corporate name or jurisdiction name as entry element Институт горючих ископаемых Академии Наук СССР
Holdings
Withdrawn status Lost status Source of classification or shelving scheme Damaged status Not for loan Collection Home library Current library Date acquired Total checkouts Full call number Barcode Date last seen Price effective from Koha item type Public note
    Universal Decimal Classification     General Fundamental Scientific Library Fundamental Scientific Library 13/01/2020   PII/30466 FL0614984 13/01/2020 13/01/2020 Գրքեր / Books 30 Days Loan
    Universal Decimal Classification     General Fundamental Scientific Library Fundamental Scientific Library 21/10/2020   PII/40079 FL0634270 21/10/2020 21/10/2020 Գրքեր / Books 30 Days Loan


ՀՀ ԳԱԱ հիմնարար գիտական գրադարան
ՀՀ,Երևան 0019
Մարշալ Բաղրամյան 24/6
հեռախոս:(374-10) 52-47-50
Հետադարձ կապ

All site content, except where otherwise noted, is licensed under a
Creative Commons License